| 000 | 00704nam a2200217 b 4500 | ||
|---|---|---|---|
| 003 | OSt | ||
| 005 | 20170620100902.0 | ||
| 008 | 050824s2005 sp | ||| ||spa | ||
| 020 | _a84-88533-78-0 | ||
| 040 |
_aSpMaBN _cBMC |
||
| 082 | _a658.151 | ||
| 100 | 1 |
_aRueda López, Nuria _95660 |
|
| 245 | 1 | 0 |
_aAnálisis económico de la eficiencia pública _cNuria Rueda López |
| 260 |
_aMadrid _bInstituto de Estudios Económicos _c[2005] |
||
| 300 |
_a262 p. _bgráf. _c25 cm _e+ 1 sumario ([4] p.) |
||
| 490 | _aEstudios / Instituto de Estudios Económicos | ||
| 504 | _aBibliografía: p. [229]-250 | ||
| 650 | 2 | 4 |
_aEmpresas _xValoración _92331 |
| 650 | 2 | 4 |
_aAdministración pública _95616 |
| 942 |
_2ddc _cBK |
||
| 999 |
_c2444 _d2444 |
||